000 00406cam a2200157u 4500
082 _a620.1
_bPOO
_cL-5,p-10
100 1 _aPoorman, Alfred P.
_939807
245 0 0 _aApplied mechanics.
250 _a5th ed.
260 _aNew York,
_bMcGraw-Hill,
_c1949.
300 _ap. cm.
526 _a0
_b0
_c0
_d620_100000000000000_POO
650 0 _aMCE
_9379
650 0 _aMechanics, Applied.
_913090
942 _2ddc
_cBK
999 _c544927
_d544927